00295nam a2200121Ia 4500003000400000008004100004082001500045100001700060245003200077260003800109300000800147650001800155OSt191201s2006 xx 000 0 und d a126.1bWAS aWATSON, Alex 0aSelf 's Awareness of Itself aNew DelhibCommission Agentc2006 a433 aGeneral Books